G1 Transformers From 1986 - Statistics

General Stats
  • This quiz has been taken 73 times
  • The average score is 47 of 66
Answer Stats
Hint Answer % Correct
City Metroplex
93%
Combaticon Onslaught
87%
Aerialbot Silverbolt
87%
Combaticon Bruticus
83%
Space Jet Cyclonus
83%
Protectobot Defensor
83%
Cassette Eject
83%
Space Cannon Galvatron
83%
Stunticon Motormaster
83%
Aerialbot Superion
83%
Combaticon Swindle
83%
Aerialbot Air Raid
80%
Combaticon Blast Off
80%
Combaticon Brawl
80%
Protectobot First Aid
80%
Space Car Hot Rod
80%
Stunticon Menasor
80%
Triple Changer Octane
80%
Predacon Predaking
80%
Space Jet Scourge
80%
Triple Changer Springer
80%
Cassette Steeljaw
80%
Space Truck Ultra Magnus
80%
Combaticon Vortex
80%
Protectobot Blades
77%
Sharkticon Gnaw
77%
Protectobot Hot Spot
77%
Space Car Kup
77%
Cassette Ramhorn
77%
Camera Reflector
77%
Space Truck Rodimus Prime
77%
Triple Changer Sandstorm
77%
Junkion Wreck-Gar
77%
Space Car Blurr
73%
Stunticon Drag Strip
73%
Aerialbot Fireflight
73%
Cassette Ratbat
73%
Cassette Rewind
73%
Aerialbot Skydive
73%
Space Shuttle Sky Lynx
73%
Aerialbot Slingshot
73%
City Trypticon
73%
Stunticon Breakdown
70%
Stunticon Dead End
70%
Protectobot Groove
70%
Minibot Pipes
70%
Predacon Rampage
70%
Protectobot Streetwise
70%
Stunticon Wildrider
70%
Predacon Razorclaw
67%
Minibot Wheelie
67%
Triple Changer Broadside
63%
Predacon Divebomb
63%
Minibot Swerve
63%
Minibot Tailgate
63%
Battlecharger Runamuck
60%
Predacon Headstrong
57%
Minibot Outback
57%
Battlecharger Runabout
57%
City Six-Gun
57%
City Scamper
53%
Predacon Tantrum
53%
City Slammer
50%
Minibot Hubcap
43%
City Brunt
27%
City Full-Tilt
27%
No matching quizzes found
Score Distribution
Percent of People with Each Score
Percentile by Number Answered
Your Score History
You have not taken this quiz